NBA Player of the Week Award Leaders - Statistics

General Stats
  • This quiz has been taken 13 times
  • The average score is 19 of 26
Answer Stats
Rank Answer Times Won Pos. % Correct
2. Kobe Bryant 33 SG
100%
1. LeBron James 69 SF
100%
6. Michael Jordan 25 SG
100%
5. James Harden 27 SG/PG
92%
10. Steph Curry 20 PG
92%
14. Dwyane Wade 19 SG
83%
4. Giannis Antetokounmpo 28 PF
83%
2. Kevin Durant 33 SF/PF
83%
23. Larry Bird 15 SF
83%
17. Magic Johnson 18 PG
83%
10. Shaquille O'Neal 20 C
83%
25. David Robinson 15 C
75%
20. Jason Kidd 17 PG
75%
7. Karl Malone 23 PF
75%
17. Luka Doncic 18 PG
75%
14. Nikola Jokic 19 C
75%
10. Russell Westbrook 20 PG
75%
7. Tim Duncan 23 PF
75%
22. Damian Lillard 16 PG
67%
23. Dirk Nowitzki 16 PF
67%
10. Kevin Garnett 20 PF
67%
7. Allen Iverson 23 SG
50%
14. Carmelo Anthony 19 SF
42%
17. Dwight Howard 18 C
42%
20. Paul Pierce 17 SF
33%
25. DeMar DeRozan 15 SG/SF
17%
No matching quizzes found
Score Distribution
Percent of People with Each Score
Percentile by Number Answered
Your Score History
You have not taken this quiz